LDR 01027nam a2200217 4500 001 000000367201 003 CaOOAMICUS 005 20260413150221.0 008 260413s1922 it a 000 u ita r 040 $aSeMil$bita 100 1 $aDini, Dino.$0(OLS)http://semarc/name/124104 245 10$aTerzo centenario di S. Giovanni Berchmans, scolastico della Compagnia di Gesù :$beco delle feste /$c[Dino Dini, Sc. S.J.]. 264 1$aRoma :$bTipografia Regionale,$c1922. 300 $a36 p. :$b[1] p. di ritratto ;$c21 cm 500 $aNome dell'A. desunto dall'ultima pagina 600 14$aBerchmans, Giovanni
.$0(OLS)http://semarc/subject/16606 850 $aSeMil 852 $aSeMil$W1$xVenegono$y1$m5C VIII 10/25$j270117$B257924$CSeMilBibl$Z2$F257924 $8M 996 $6245$aTerzo centenario di S. Giovanni Berchmans, scolastico della Compagnia di Gesù :$beco delle feste$9(OLS)http://semarc/title/459088 996 $6264$aRoma :$bTipografia Regionale$9(OLS)http://semarc/publisher/46804